INTERNATIONAL JOURNAL OF ADVANCES IN EMBEDDED SYSTEM RESEARCH (Record no. 356320)
[ view plain ]
| 000 -LEADER | |
|---|---|
| fixed length control field | 00299nam a22001097a 4500 |
| 008 - FIXED-LENGTH DATA ELEMENTS--GENERAL INFORMATION | |
| fixed length control field | 231005b |||||||| |||| 00| 0 eng d |
| 022 ## - INTERNATIONAL STANDARD SERIAL NUMBER | |
| International Standard Serial Number | 4421-1331 |
| 041 ## - LANGUAGE CODE | |
| Language code of text/sound track or separate title | ENGLISH |
| 245 ## - TITLE STATEMENT | |
| Title | INTERNATIONAL JOURNAL OF ADVANCES IN EMBEDDED SYSTEM RESEARCH |
| 260 ## - PUBLICATION, DISTRIBUTION, ETC. | |
| Name of publisher, distributor, etc. | RESEARCH SCIENCE PRESS |
| 942 ## - ADDED ENTRY ELEMENTS (KOHA) | |
| Koha item type | Journal |
| Withdrawn status | Lost status | Source of classification or shelving scheme | Damaged status | Not for loan | Home library | Current library | Date acquired | Total Checkouts | Barcode | Date last seen | Price effective from | Koha item type | Serial Enumeration / chronology |
|---|---|---|---|---|---|---|---|---|---|---|---|---|---|
| Dewey Decimal Classification | Cummins College of Engineering for Women Pune | Cummins College of Engineering for Women Pune | 05/10/2023 | CCEP-13 | 05/10/2023 | 05/10/2023 | Journal | ||||||
| Dewey Decimal Classification | Cummins College of Engineering for Women Pune | Cummins College of Engineering for Women Pune | 21/10/2023 | 13-1-1 | 21/10/2023 | 21/10/2023 | Journal | Vol. 13, No. 1 | |||||
| Dewey Decimal Classification | Cummins College of Engineering for Women Pune | Cummins College of Engineering for Women Pune | 29/07/2024 | 29/07/2024 | 29/07/2024 | Journal | Vol. 14, No. 1 | ||||||
| Dewey Decimal Classification | Cummins College of Engineering for Women Pune | Cummins College of Engineering for Women Pune | 21/01/2025 | 21/01/2025 | 21/01/2025 | Journal | Vol. 14, No. 2 |